Conflicto y armonías de las razas /

Guardado en:
Autor Principal: Sarmiento, Domingo Faustino
Formato: Libro
Publicado: Buenos Aires : La Cultura Argentina, 1915
Materias:
Etiquetas: Agregar Etiqueta
Sin Etiquetas, Sea el primero en etiquetar este registro!
LEADER 00560nam a22001935a 4500
001 CEM.cems005805
005 20060214000000.0
008 130507s1915##################000#0#####d
003 CEMS
082 0 4 |a 572.0980 
100 1 |a Sarmiento, Domingo Faustino 
245 1 0 |a Conflicto y armonías de las razas / 
260 |a Buenos Aires :  |b La Cultura Argentina,  |c 1915 
300 |a 458 p. 
653 |a Antropologia 
653 |a Antropologia cultural 
653 |a Etnologia 
653 |a Razas americanas 
859 |a CEMS  |b BIB. CEMS - 11 de abril  |h 572.0980  |i Sa74  |p 9417.81  |t Ej.1